Local Democracy in South Asia : (Record no. 13801)
[ view plain ]
| 000 -LEADER | |
|---|---|
| fixed length control field | 01664cam a2200361 a 4500 |
| 001 - CONTROL NUMBER | |
| control field | 15053731 |
| 005 - DATE AND TIME OF LATEST TRANSACTION | |
| control field | 20090828071155.0 |
| 008 - FIXED-LENGTH DATA ELEMENTS--GENERAL INFORMATION | |
| fixed length control field | 071022s2008 ii a |rb 001 0 eng |
| 010 ## - LIBRARY OF CONGRESS CONTROL NUMBER | |
| LC control number | 2007042898 |
| 020 ## - INTERNATIONAL STANDARD BOOK NUMBER | |
| International Standard Book Number | 9780761936503 (hard back) |
| 040 ## - CATALOGING SOURCE | |
| Original cataloging agency | DLC |
| Transcribing agency | DLC |
| Modifying agency | DLC |
| 043 ## - GEOGRAPHIC AREA CODE | |
| Geographic area code | a-np--- |
| -- | az----- |
| 050 00 - LIBRARY OF CONGRESS CALL NUMBER | |
| Classification number | JS7180.3.A3 |
| Item number | L63 2008 |
| 082 00 - DEWEY DECIMAL CLASSIFICATION NUMBER | |
| Classification number | 320.8095496 |
| Edition number | 22 |
| Item number | DEM |
| 245 00 - TITLE STATEMENT | |
| Title | Local Democracy in South Asia : |
| Remainder of title | Microprocesses of Democratization in Nepal and its Neighbours / |
| Statement of responsibility, etc | Edited by David N. Gellner, Krishna Hachhethu. |
| 260 ## - PUBLICATION, DISTRIBUTION, ETC. (IMPRINT) | |
| Place of publication, distribution, etc | New Delhi ; |
| -- | Thousand Oaks : |
| Name of publisher, distributor, etc | SAGE Publications, 2008 |
| Date of publication, distribution, etc | 2008. |
| 300 ## - PHYSICAL DESCRIPTION | |
| Extent | 472 p. : |
| Other physical details | ill. ; |
| Dimensions | 23 cm. |
| 490 0# - Series Statement | |
| Series statement | Governance, conflict and civic action ; |
| Volume/sequential designation | 1 |
| 504 ## - BIBLIOGRAPHY, ETC. NOTE | |
| Bibliography, etc | Includes bibliographical references and index. |
| 505 0# - FORMATTED CONTENTS NOTE | |
| Formatted contents note | Volume1. Governance, Conflict, and Civic Action |
| 650 #0 - SUBJECT ADDED ENTRY--TOPICAL TERM | |
| Topical term or geographic name as entry element | Local government |
| Geographic subdivision | Nepal. |
| 9 (RLIN) | 13194 |
| 650 #0 - SUBJECT ADDED ENTRY--TOPICAL TERM | |
| Topical term or geographic name as entry element | Democratization |
| Geographic subdivision | Nepal. |
| 9 (RLIN) | 13195 |
| 650 #0 - SUBJECT ADDED ENTRY--TOPICAL TERM | |
| Topical term or geographic name as entry element | Local government |
| Geographic subdivision | South Asia. |
| 9 (RLIN) | 13196 |
| 650 #0 - SUBJECT ADDED ENTRY--TOPICAL TERM | |
| Topical term or geographic name as entry element | Democratization |
| Geographic subdivision | South Asia. |
| 9 (RLIN) | 13197 |
| 651 #0 - SUBJECT ADDED ENTRY--GEOGRAPHIC NAME | |
| Geographic name | Nepal |
| General subdivision | Politics and government |
| Chronological subdivision | 1990- |
| 9 (RLIN) | 13198 |
| 651 #0 - SUBJECT ADDED ENTRY--GEOGRAPHIC NAME | |
| Geographic name | South Asia |
| General subdivision | Ethnic relations |
| -- | Political aspects. |
| 9 (RLIN) | 13199 |
| 700 1# - ADDED ENTRY--PERSONAL NAME | |
| Personal name | Gellner, David N. |
| 9 (RLIN) | 13200 |
| 700 1# - ADDED ENTRY--PERSONAL NAME | |
| Personal name | Hachhethu, Krishna. |
| 9 (RLIN) | 13201 |
| 856 41 - ELECTRONIC LOCATION AND ACCESS | |
| Materials specified | Table of contents only |
| Uniform Resource Identifier | <a href="http://www.loc.gov/catdir/toc/ecip083/2007042898.html">http://www.loc.gov/catdir/toc/ecip083/2007042898.html</a> |
| 942 ## - ADDED ENTRY ELEMENTS (KOHA) | |
| Source of classification or shelving scheme | Dewey Decimal Classification |
| Item type | Book - Borrowing |
| Withdrawn status | Item status | Source of classification or shelving scheme | Damaged status | Not for loan | Vendor | Home library | Current library | Shelving location | Date acquired | Source of acquisition | Cost, normal purchase price | Serial Enumeration / chronology | Total Checkouts | Full call number | Barcode | Date last seen | Koha item type | Public note |
|---|---|---|---|---|---|---|---|---|---|---|---|---|---|---|---|---|---|---|
| Dewey Decimal Classification | Baccah | Central Library | Central Library | First floor | 28/03/2010 | 416.00 | 9836 | 320.8095496 DEM | 000020372 | 15/07/2025 | Book - Borrowing | V.1 |